Mit Hinweisen über Grenzen gehen #1 - Statistiken

Allgemein
  • Dieses Quiz wurde 7.638 mal gespielt
  • Das Durchschnittsergebnis liegt bei 11 aus 21
Antwortstatistiken
Hinweis Antwort % Korrekt
Geburtsort der Renaissance Italien
87%
Ist für den ehemaligen Künstler und Architekt „Hundertwasser“ bekannt Österreich
79%
Heimat der Magyaren Ungarn
74%
Name endet in "stan" Kasachstan
73%
Grenzt an die Beringsee Russland
69%
Hat die Insel Phuket Thailand
64%
Grenzt an das Gelbe Meer China
62%
Erlitt 1932-33 eine große Hungersnot Ukraine
58%
Tamil ist eine der 23 Sprachen, die in der Verfassung anerkannt sind Indien
55%
Grenzt an den Persischen Golf Iran
53%
Kämpfte in den 1980ern gegen das obige Landin einem Krieg Irak
50%
Standort des K2 Pakistan
50%
Teilt sich den Roten Fluss mit dem obigen Land Vietnam
47%
Ist möglicherweise im Besitz von Nuklearwaffen Israel
44%
Die frühere Hauptstadt war vormals bekannt als Rangun Myanmar
43%
Die größte Stadt wurde 2016 durch Russland bombardiert Syrien
43%
1970 von den USA bombardiert Kambodscha
42%
Wurde 2011 unabhängig Südsudan
38%
Laut Prognose wird seine Bevölkerung bis 2050 bei 137 Millionen liegen Ägypten
36%
Flussaufwärts von dem obigen Land Sudan
34%
Grenzt an den atlantischen Ozean Demokratische Republik Kongo
21%
Keine übereinstimmenden Quizze gefunden
Verteilung der Resultate
Anzahl Personen mit jedem Resultat
Perzentil nach korrekt beantworteten Fragen
Ihre Resultats-Entwicklung
Sie haben dieses Quiz noch nicht gespielt